Lecciones de cine: clases magistrales de grandes directores explicadas por ellos mismos
Uloženo v:
| Hlavní autor: | |
|---|---|
| Médium: | Kniha |
| Jazyk: | španělština |
| Vydáno: |
Barcelona
Paidós
2013
|
| Vydání: | 1a. ed |
| Témata: | |
| Tagy: |
Přidat tag
Žádné tagy, Buďte první, kdo vytvoří štítek k tomuto záznamu!
|
MARC
| LEADER | 00000cam a2200000 a 4500 | ||
|---|---|---|---|
| 001 | UCE2142 | ||
| 003 | CL-VaPUC | ||
| 008 | 140612e20130000sp |||||||||||||||||spa|d | ||
| 020 | |a 9789501275490 | ||
| 082 | 0 | 4 | |a 791.43 |b TIR |2 21 |
| 100 | 0 | |a Tirard, Laurent |e author |9 574607 | |
| 245 | 1 | 0 | |a Lecciones de cine: clases magistrales de grandes directores explicadas por ellos mismos |
| 250 | |a 1a. ed | ||
| 300 | |a 221 p | ||
| 942 | |c BK | ||
| 945 | |d 20140612 14:08:00 |a dcastane | ||
| 260 | |a Barcelona |b Paidós |c 2013 | ||
| 650 | 0 | |a Cinematografía |9 265198 | |
| 650 | 0 | |a Directores de cine |9 368705 | |
| 650 | 0 | |a Entrevistas |9 265537 | |
| 583 | |a last modification |c 20140612 14:08:00 |k Rodrigo Vera | ||
| 999 | |c 355805 |d 355803 | ||
| 952 | |0 0 |1 0 |3 erb |4 0 |6 791_430000000000000_TIR_2013 |7 0 |8 A |9 462666 |a FDOSRS |b FDOSRS |i 5082617 |o 791.43 TIR 2013 |p 5082617 |r 2023-01-11 |w 2019-11-23 |y BK |z Catalogado en:20140612 |k SRS | ||